Thực trạng và giải pháp phát triển thương mại bán lẻ của Việt Nam trong bối cảnh hội nhập
Trình bày cơ sở lý luận và kinh nghiệm quốc tế về phát triển thương mại bán lẻ. Thực trạng phát triển thương mại bán lẻ ở Việt Nam giai đoạn 2007-2016. Định hướng và giải pháp phát triển thương mại bán lẻ của Việt Nam giai đoạn đến năm 2...
Đã lưu trong:
| 主要作者: | |
|---|---|
| 格式: | 图书 |
| 语言: | Undetermined |
| 出版: |
Hà Nội
Nxb. Công Thương
2018
|
| 主题: | |
| 标签: |
添加标签
没有标签, 成为第一个标记此记录!
|
| Thư viện lưu trữ: | Trung tâm Học liệu Trường Đại học Cần Thơ |
|---|
| LEADER | 01052nam a2200193Ia 4500 | ||
|---|---|---|---|
| 001 | CTU_227482 | ||
| 008 | 210402s9999 xx 000 0 und d | ||
| 082 | |a 658.83 | ||
| 082 | |b Th523 | ||
| 100 | |a Trịnh, Thị Thanh Thủy | ||
| 245 | 0 | |a Thực trạng và giải pháp phát triển thương mại bán lẻ của Việt Nam trong bối cảnh hội nhập | |
| 245 | 0 | |c Trịnh Thị Thanh Thủy (Chủ biên) | |
| 260 | |a Hà Nội | ||
| 260 | |b Nxb. Công Thương | ||
| 260 | |c 2018 | ||
| 520 | |a Trình bày cơ sở lý luận và kinh nghiệm quốc tế về phát triển thương mại bán lẻ. Thực trạng phát triển thương mại bán lẻ ở Việt Nam giai đoạn 2007-2016. Định hướng và giải pháp phát triển thương mại bán lẻ của Việt Nam giai đoạn đến năm 2030. | ||
| 650 | |a Nghiên cứu tiếp thị,Marketing research | ||
| 910 | |b nthai | ||
| 980 | |a Trung tâm Học liệu Trường Đại học Cần Thơ | ||